Friends Ultimate Trivia Game Quiz Stats

 Plays Quiz not verified by Sporcle

Challenge
Share
Tweet
Embed
Score 0/20 Timer 04:00
0 Plays Today
Hints Answers % Correct
Who shows up in a wedding dress on the Pilot episode????
86.9%
Who's catchphrase is 'How you doin'?'???
85.7%
What is the name of Joey's agent????
81%
Who plays Phoebe????
80%
Who has the New Year's resolution to stop making fun of his friends????
79%
What is the name of Phoebe's twin sister????
78.1%
What are the names of the brother and sister on Friends????
76.9%
Who wants to play the bagpipes at Monica and Chandler's wedding????
76.7%
What is the name of the Friends theme song????
74%
What is Joey's surname????
67.6%
Hints Answers % Correct
Her real favorite movie is...???
65%
Who did Ross kiss on New Year's Eve????
58.1%
What game show is Joey featured in? Hint: Ross and Monica's favorite game show.???
50.5%
What is Monica's biggest pet peeve????
48.8%
What is the name of the band that sings the Friends theme????
43.3%
According to Chandler, what phenomenon scares the 'bejeezus' out of him????
35.2%
Rachel claims this is her favorite movie.???
33.1%
What is the name of the person that the TV Guide comes to every week????
26.2%
Who made Joey famous????
6%
And what is his role in Al Pacino's movie????
0.7%

You're not logged in!

Compare scores with friends on all Sporcle quizzes.
Join for Free
OR
Log In

You Might Also Like...

Show Comments

Extras

Top Quizzes Today


Score Distribution

Your Account Isn't Verified!

In order to create a playlist on Sporcle, you need to verify the email address you used during registration. Go to your Sporcle Settings to finish the process.

Report this User

Report this user for behavior that violates our Community Guidelines.

Details: